000 00861nam a22002177a 4500
999 _c4916
_d4916
003 AR-CdUCM
008 190311b ||||| |||| 00| 0 spa d
040 _aMUNICIPALIDAD PROVINCIAL DEL CUSCO
_cBIBLIOTECA MUNICIPAL DEL CUSCO
082 _22ed.
_a129.66 /
_bOR73
100 _aOrtega y Gasset, José
_95772
245 _aMeditación del pueblo joven /
260 _aMadrid :
_bRevista de Occidente,
_c1966.
300 _a182 páginas ;
_c18 cm.
440 _aColección el Arquero.
_915097
505 _aContenido: El deber de la nueva generación argentina -- Para dos revistas argentinas -- Discurso en el Parlamento chileno -- Por qué he escrito "El hombre a la defensiva" -- Lo que más falta hace hoy ...
650 _aEnsayos filosóficos
_96877
650 _aArgentina
_9511
650 _aCivilización
_91048
942 _2ddc
_cLIBROS
945 _aachl